| 000 | 00419nam a22001697a 4500 | ||
|---|---|---|---|
| 003 | NUST - PNEC | ||
| 005 | 20170116180835.0 | ||
| 008 | 150805b xxu||||| |||| 00| 0 eng d | ||
| 020 | _a0070320713 | ||
| 040 | _cLIBRARY | ||
| 082 | _a530.143 ITZ | ||
| 100 |
_94929 _aItzykson, Calude |
||
| 245 |
_aQuantum field theory _cClaude Itzykson |
||
| 260 | _cc.1987 | ||
| 650 |
_94932 _aQuantum Theory _xME |
||
| 942 |
_2ddc _cBK |
||
| 999 |
_c64192 _d64192 |
||